La Voiture la plus vendue en France chaque année - Statistiques

Statistiques générales
  • Ce quiz a été pris 22 fois
  • Le résultat moyen est 29 sur 79
Statistiques - réponses
Année Modèle % Correct
1991 RENAULT CLIO
89%
1992 RENAULT CLIO
89%
1993 RENAULT CLIO
89%
1994 RENAULT CLIO
89%
1995 RENAULT CLIO
89%
1996 RENAULT CLIO
89%
1997 RENAULT CLIO
89%
2007 PEUGEOT 207
74%
2008 PEUGEOT 207
74%
2009 PEUGEOT 207
74%
2010 PEUGEOT 207
74%
1984 PEUGEOT 205
68%
1985 PEUGEOT 205
68%
1990 PEUGEOT 205
68%
2001 PEUGEOT 206
68%
2004 PEUGEOT 206
68%
2005 PEUGEOT 206
68%
2019 PEUGEOT 208
63%
1962 RENAULT 4
53%
1963 RENAULT 4
53%
1964 RENAULT 4
53%
1965 RENAULT 4
53%
1967 RENAULT 4
53%
1968 RENAULT 4
53%
1974 RENAULT 5
42%
1975 RENAULT 5
42%
1976 RENAULT 5
42%
1977 RENAULT 5
42%
1978 RENAULT 5
42%
1979 RENAULT 5
42%
1980 RENAULT 5
42%
1981 RENAULT 5
42%
1982 RENAULT 5
42%
1983 RENAULT 5
42%
1969 PEUGEOT 204
32%
1970 PEUGEOT 204
32%
1971 PEUGEOT 204
32%
1947 CITROEN TRACTION
26%
1948 CITROEN TRACTION
26%
1998 RENAULT CLIO II
26%
1999 RENAULT CLIO II
26%
2000 RENAULT CLIO II
26%
2002 RENAULT CLIO II
26%
2003 RENAULT CLIO II
26%
2006 RENAULT CLIO III
26%
2011 RENAULT CLIO III
26%
2012 RENAULT CLIO III
26%
2013 RENAULT CLIO IV
26%
2014 RENAULT CLIO IV
26%
2015 RENAULT CLIO IV
26%
2016 RENAULT CLIO IV
26%
2017 RENAULT CLIO IV
26%
2023 RENAULT CLIO V
26%
2024 RENAULT CLIO V
26%
2025 RENAULT CLIO V
26%
2018 RENAULT CLIO IV
21%
1973 RENAULT 12
11%
1972 SIMCA 1100
11%
1956 SIMCA ARONDE
11%
1966 CITROEN AMI 6
5%
2020 PEUGEOT 208 II
5%
2021 PEUGEOT 208 II
5%
2022 PEUGEOT 208 II
5%
1949 RENAULT 4CV
5%
1950 RENAULT 4CV
5%
1951 RENAULT 4CV
5%
1952 RENAULT 4CV
5%
1953 RENAULT 4CV
5%
1954 RENAULT 4CV
5%
1955 RENAULT 4CV
5%
1957 RENAULT DAUPHINE
5%
1958 RENAULT DAUPHINE
5%
1959 RENAULT DAUPHINE
5%
1960 RENAULT DAUPHINE
5%
1961 RENAULT DAUPHINE
5%
1986 RENAULT SUPERCINQ
5%
1987 RENAULT SUPERCINQ
5%
1988 RENAULT SUPERCINQ
5%
1989 RENAULT SUPERCINQ
5%
Aucun quiz correspondant
Distribution des résultats
% des personnes avec chaque résultat
Percentile par nombre de réponses
Votre historique - résultats
Vous n’avez pas pris ce quiz